Shoe Brands Quiz - Statistics

General Stats
  • This quiz has been taken 98 times
  • The average score is 8 of 12
Answer Stats
Picture Answer % Correct
Nike
100%
Adidas
99%
New Balance
98%
Puma
96%
Skechers
88%
The North Face
69%
Crocs
67%
Asics
66%
Lululemon
55%
Reebok
51%
Hoka
47%
On Cloudboom
2%
No matching quizzes found
Score Distribution
Percent of People with Each Score
Percentile by Number Answered
Your Score History
You have not taken this quiz